000 00856nmc a2200301 a 4500
003 AR-BaBNM
005 20251128204531.0
008 205019s1977 ||||||||||||||000 | spa||
020 _a84-610-6029-6
040 _cAR-BaBNM
100 1 _aMerrill, William C.
245 1 0 _aIntroducción a la estadística económica
260 _aBuenos Aires
_bAmorrortu
_c1977
300 0 _a734 p.
_bgráfs.
490 0 _aBiblioteca de economía política
500 0 _aTraducción Mauricio Kitaigorodzki
500 0 _aRevisión técnica Oscar J. Sbarra Mitre
650 4 _aESTADISTICAS ECONOMICAS
650 4 _aANALISIS ECONOMICO
650 4 _aINDICADORES SOCIOECONOMICOS
650 4 _aMODELOS ECONOMICOS
650 4 _aPROBABILIDAD
650 4 _aMUESTREO
650 4 _aDATOS ESTADISTICOS
700 1 _aFox, Karl A.
942 _cBK
998 _cCarmen
999 _c7812
_d7812